[Event "Sao Jose dos Campos op"]
[Site "Sao Jose dos Campos"]
[Date "2022.09.11"]
[Round "7"]
[White "Guimaraes, Eduardo Victor"]
[Black "Paula, Luis Miguel Da Silv"]
[Result "0-1"]
[WhiteElo "1800"]
[BlackElo "1626"]
[PlyCount "20"]
[EventDate "2022.09.08"]
[EventType "swiss"]
[EventRounds "7"]
[EventCountry "BRA"]
[SourceTitle "CBM 210 Extra"]
[Source "ChessBase"]
[SourceDate "2022.11.30"]
[SourceVersion "1"]
[SourceVersionDate "2022.11.30"]
[SourceQuality "1"]

1. a3 a6 2. h3 h6 3. c3 d5 4. d4 Bf5 5. e3 h5 6. c4 e6 7. Nf3 dxc4 8. Bxc4 b5 9. Bd3 Bxd3 10. Qxd3 c5 0-1

[Event "Sao Jose dos Campos op"]
[Site "Sao Jose dos Campos"]
[Date "2022.09.11"]
[Round "6"]
[White "Santana, Expedito"]
[Black "Guimaraes, Eduardo Victor"]
[Result "0-1"]
[WhiteElo "1458"]
[BlackElo "1800"]
[PlyCount "45"]
[EventDate "2022.09.08"]
[EventType "swiss"]
[EventRounds "7"]
[EventCountry "BRA"]
[SourceTitle "CBM 210 Extra"]
[Source "ChessBase"]
[SourceDate "2022.11.30"]
[SourceVersion "1"]
[SourceVersionDate "2022.11.30"]
[SourceQuality "1"]

1. d4 d5 2. Nf3 Nf6 3. Bf4 e6 4. e3 Bd6 5. Ne5 0-0 6. Nd2 Nbd7 7. Ndf3 c5 8. Nxf7 Rxf7 9. Bxd6 Qb6 10. Bxc5 Nxc5 11. dxc5 Qxc5 12. Bd3 Qd6 13. 0-0 e5 14. Nd2 e4 15. Be2 Be6 16. c4 Raf8 17. cxd5 Nxd5 18. Nxe4 Qe5 19. Nc5 Nxe3 20. Nd3 Qg5 21. fxe3 Bh3 22. Ne1 Qxe3+ 23. Kh1 0-1